Score 0/30 Timer 10:00
9 Plays Today
% Correct
Dish for growing bacteria???
91.1%
Deadly hurricane that hit New Orleans???
88.3%
Saint on March 17th???
81.3%
Common colada fruit???
77.1%
Cut up a frog in lab???
73%
Beetle or wasp, e.g.???
72.8%
Office Depot competitor???
66.5%
Surgery to sterilize men???
66.5%
A follower of Christ???
65.2%
Father of the Little Mermaid???
61.5%
In law, opposite of a defender???
61.1%
A two family home???
61%
A billionth of a 60th of a minute???
56.5%
José who played for the Athletics???
50.9%
One of 13 divisions of Panem???
49.7%
% Correct
Helena in the Harry Potter films???
48.8%
Weaver in 'Alien'???
48.7%
First period of the Mesozoic Era???
47.1%
Mendeleev of the periodic table???
46.1%
The reciprocal of sine???
45.9%
3.26 light-years???
45.8%
The capital of St. Lucia???
45%
Powered by moving negative charges???
44.5%
Head of a government department???
42.8%
Maguire and Witherspoon movie???
40.1%
Sound wave frequency effect???
37.9%
The seven sisters, in the sky???
35.7%
A number in the form a + bi???
35.1%
Wrestle or come to grips with???
34.1%
Line from a class clown or smart aleck???
20%
Remove Ads.
Support Sporcle.
Get the best of Sporcle when you Go Orange. This ad-free experience offers more features, more stats, and more fun while also helping to support Sporcle. Thank you for becoming a member.

You're not logged in!

Compare scores with friends on all Sporcle quizzes.
OR
Log In

Show Comments

Extras

Top Quizzes Today


Score Distribution

Your Account Isn't Verified!

In order to create a playlist on Sporcle, you need to verify the email address you used during registration. Go to your Sporcle Settings to finish the process.

Report this User

Report this user for behavior that violates our Community Guidelines.

Details: